| 000 | 00813nam a2200241 a 4500 | ||
|---|---|---|---|
| 999 |
_c10865 _d10865 |
||
| 001 | 10865 | ||
| 003 | BD-JhCC | ||
| 005 | 20220602134022.0 | ||
| 008 | 190522b20192017bd ||||| a||| 00| 0 ben d | ||
| 020 | _a9789848794593 | ||
| 035 | _a(BD-JhCC)10865 | ||
| 040 |
_aBD-JhCC _dBD-JhCC |
||
| 041 | _aeng | ||
| 082 |
_bBIP 2019 _a510.76 |
||
| 100 | _aবিপ্লব, মোস্তফা কামাল | ||
| 245 |
_aবাংলাদেশ গণিত অলিম্পিয়াড : _b জুনিয়র / _cমোস্তফা কামাল বিপ্লব |
||
| 260 |
_aঢাকা, বাংলাদেশ: _bপ্রতীক, _c2019. |
||
| 300 |
_a399 p. _c21 cm. |
||
| 650 | _aMathematic | ||
| 650 | _aMathematics Competition Olympiad | ||
| 942 |
_2ddc _cBK _07 |
||